000 00222nam a22000857a 4500
008 170110b xxu||||| |||| 00| 0 eng d
100 _92300
_aSiddiqi. M. N
245 _aEnvironmental Studies-2
260 _aNew Delhi
_bOxford
_c2007
999 _c5206
_d5206